000 00895pab a2200157 454500
008 180718b2005 xxu||||| |||| 00| 0 eng d
100 _aGarg, R.B.L.
245 _aContract farming: an overview
260 _c2005
300 _ap.42-43.
362 _aApr
520 _aContract farming is a new model and would be a entirely new experience. The factors determining success of such a model vis-a-vis other models would depend, among others on type of crop, intensity of technology, length of value chain, and the stage of market evolution. Needless to say, value-based corporate involvement would bring to agriculture all the capabilities of good business practices. The future landmarks would be ISI certification and organic agriculture practices towards developing international markets for local produce. - Reproduced.
650 _aAgriculture
773 _aKurukshetra
909 _a64713
999 _c64713
_d64713